Communist Leaders of Europe w/ Pictures - Statistics

General Stats
  • This quiz has been taken 395 times
  • The average score is 8 of 20
Answer Stats
Picture Hint Answer % Correct
Soviet Union 1924-1953 Stalin
100%
Soviet Union 1985-1991 Gorbachev
91%
Yugoslavia 1945-1980 Tito
88%
Soviet Union 1964-1982 Brezhnev
76%
Soviet Union 1953-1964 Khrushchev
76%
Romania 1965-1989 Ceaușescu
58%
Albania 1946-1985 Hoxha
58%
East Germany 1971-1989 Honecker
53%
East Germany 1950-1971 Ulbricht
35%
Poland 1981-1989 Jaruzelski
27%
Bulgaria 1954-1989 Zhivkov
25%
Hungary 1956-1988 Kádár
24%
Poland 1956-1970 Gomułka
19%
Czechoslovakia 1969-1987 Husák
17%
Poland 1948-1956 Bierut
16%
Hungary 1947-1956 Rákosi
15%
Romania 1947-1965 Gheorghiu-Dej
14%
Poland 1970-1980 Gierek
12%
Czechoslovakia 1953-1968 Novotný
9%
Bulgaria 1949-1954 Chervenkov
5%
No matching quizzes found
Score Distribution
Percent of People with Each Score
Percentile by Number Answered
Your Score History
You have not taken this quiz